000 00554nam a2200169Ia 4500
005 20250508152344.0
008 008 250505s9999 xx 000 0 eng d
037 _aTextual
040 _aFEDL
_beng
_cFEDL
041 _aeng
_2eng
084 _a300.7, SRI
_qFEDL
245 0 _aReport of the two seminars in social studies and discussion on " the why, what and how of a social studies lab"
260 _aCoimbatore, India
_bSri Ramakrishna Mission Vidyalaya
300 _a43p.
942 _cTEXL
_h300.7, SRI
999 _c1335888
_d1335888